| 000 | 00574nam a22001577a 4500 | ||
|---|---|---|---|
| 003 | OSt | ||
| 005 | 20150918161308.0 | ||
| 008 | 150918b xxu||||| |||| 00| 0 eng d | ||
| 040 | _cRUA | ||
| 082 | _aAGR CHE 2006 B034 Or.1 | ||
| 100 |
_9788 _aCHEAM, SAEMPOLI. |
||
| 245 | _aCultivation techniques of durian in snuol district, kratie province បច្ចេកទេសដាំដុះដំណាំធូរេននៅស្រុកស្នួល ខេត្តក្រចេះ | ||
| 260 |
_aPhnom Penh _bRUA _c2006 |
||
| 300 |
_a47p. _bill. _c29cm. |
||
| 942 |
_2ddc _cAGR |
||
| 999 |
_c756 _d756 |
||